000 00482nam a2200181Ia 4500
003 OSt
005 20260119160217.0
008 210210b1962 xxu||||| |||| 00| 0 eng d
040 _cAL
041 _aKannada
082 _a859/257
100 _aUSHADEVI
_9148560
_dಉಷಾದೇವಿ
245 _aPadedu banda bhagya 3
_bಪಡೆದು ಬಂದ ಭಾಗ್ಯ 3
260 _aBengaluru
_b-
_c1962
690 _aKannada Fiction
_9148561
906 _a021129
942 _2ddc
_cBK
999 _c145191
_d145191